000 00347nam a2200133Ia 4500
008 191201s2019 xx 000 0 und d
082 _a621.3
_bGUF
100 _aGUPTA, J B
245 0 _aFundamentals of Electrical Engineering and Electronics
260 _aN.Delhi
_bS K Kataria and Sons
300 _a875
650 _aB.Tech(ECE)
942 _2ddc
_cBK
999 _c809
_d809